000 00810nas a2200277 4500
001 BR9501543
003 BR-BrBNA
005 20231205094302.0
007 ta
008 230509b bl.|||p| |||| 00| 00por d
040 _aBR-BrBNA
_bpor
_cBiblioteca Nacional de Agricultura
041 _a(Pt)
072 _aQ03
100 1 _aPinheiro, L.I.
100 1 _aFreitas, R.J.S. de
245 1 _aMetodo cromatografico para determinacao de residuos de propargito em alimentos
650 _aAcaricida
650 _aResiduo
650 _aMaca
650 _aTomate
650 _aMorango
650 _aCromatografia
773 0 _tPesticidas. Revista Tecnico-Cientifica (Brazil)
_xISSN 0103-7277
_g(Jan-Dec 1992), v. 2(2) p. 9-21
_wBR9501543
909 _a202311
_bLúcia
_c55
_dLúcia Elande
942 _2AGRIS
_n0
_cANA
999 _c143329
_d143329